| 000 | 01076nas a2200373 4500 | ||
|---|---|---|---|
| 001 | BR0403759 | ||
| 003 | BR-BrBNA | ||
| 005 | 20231205104725.0 | ||
| 007 | ta | ||
| 008 | 230509b bl.|||p| |||| 00| 00por d | ||
| 040 |
_aBR-BrBNA _bpor _cBiblioteca Nacional de Agricultura |
||
| 041 | _a(Pt) | ||
| 072 | _aF02; F06; H50 | ||
| 100 | 1 | _aNobre, R.G. | |
| 100 | 1 | _aFernandes, P.D. | |
| 100 | 1 | _aGheyi, H.R. | |
| 100 | 1 | _aSantos, F.J. de S. | |
| 100 | 1 | _aBezerra, I.L. | |
| 100 | 1 | _aGurgel, M.T. | |
| 245 | 1 | _aGerminação e formação de mudas enxertadas de gravioleira sob estresse salino | |
| 650 | _aGRAVIOLA | ||
| 650 | _aANNONA MURICATA | ||
| 650 | _aMUDA | ||
| 650 | _aENXERTO | ||
| 650 | _aGERMINAÇÃO | ||
| 650 | _aSTRESS | ||
| 650 | _aSALINIDADE | ||
| 650 | _aCONDUTIVIDADE ELÉTRICA | ||
| 650 | _aÁGUA DE IRRIGAÇÃO | ||
| 650 | _aPORTA ENXERTO | ||
| 773 | 0 |
_tPesquisa Agropecuária Brasileira (Brazil) _xISSN 0100-204X _g(Dec 2003), v. 38(12) p. 1365-1371 _wBR0403759 |
|
| 909 |
_a202311 _bLúcia _c55 _dLúcia Elande |
||
| 942 |
_2AGRIS _n0 _cANA |
||
| 999 |
_c179427 _d179427 |
||